Catálogo público

(Record no. 184244)

MARC details
000 -CABECERA
campo de control de longitud fija 01222nam a2200241Ia 4500
001 - NÚMERO DE CONTROL
campo de control IA_Nevertheless, during the operation of the window of credit, itself not results were obtained of the all satisfactory, since due to the excess of work and to the lack of personnel with the adequate profile to develop the necessary activities, itself achievement to reduce a little the time of answer to clients, but has the security that as soon as have the adequate personnel the time will be reduced more.
008 - DATOS DE LONGITUD FIJA--INFORMACIÓN GENERAL
campo de control de longitud fija 220117s xx 000 0 und d
010 ## - NÚMERO DE CONTROL DE LA BIBLIOTECA DEL CONGRESO
Número de control de LC 184244
530 ## - NOTA DE FORMATO FÍSICO ADICIONAL DISPONIBLE
Nota de formato físico adicional disponible Disponible en PDF
583 ## - NOTA DE ACCIÓN
Acción 1 ej. imp. ; 2 ej. CD
650 ## - PUNTO DE ACCESO ADICIONAL DE MATERIA--TÉRMINO DE MATERIA
Término de materia o nombre geográfico como elemento de entrada Agricultural credit
9 (RLIN) 147582
650 ## - PUNTO DE ACCESO ADICIONAL DE MATERIA--TÉRMINO DE MATERIA
Término de materia o nombre geográfico como elemento de entrada Agricultural finance
9 (RLIN) 147479
650 ## - PUNTO DE ACCESO ADICIONAL DE MATERIA--TÉRMINO DE MATERIA
Término de materia o nombre geográfico como elemento de entrada Business partnerships
9 (RLIN) 156604
650 ## - PUNTO DE ACCESO ADICIONAL DE MATERIA--TÉRMINO DE MATERIA
Término de materia o nombre geográfico como elemento de entrada Crédito agrícola
9 (RLIN) 29022
650 ## - PUNTO DE ACCESO ADICIONAL DE MATERIA--TÉRMINO DE MATERIA
Término de materia o nombre geográfico como elemento de entrada Financiación agrícola
9 (RLIN) 147481
650 ## - PUNTO DE ACCESO ADICIONAL DE MATERIA--TÉRMINO DE MATERIA
Término de materia o nombre geográfico como elemento de entrada Sociedades comerciales
9 (RLIN) 156605
700 1# - PUNTO DE ACCESO ADICIONAL--NOMBRE DE PERSONA
Nombre de persona Ponce Hernández, Pedro
9 (RLIN) 147918
700 ## - PUNTO DE ACCESO ADICIONAL--NOMBRE DE PERSONA
Nombre de persona Reyna Izaguirre, Diana América, asesor
9 (RLIN) 163691
700 ## - PUNTO DE ACCESO ADICIONAL--NOMBRE DE PERSONA
Nombre de persona Szymanski Duque, Rosa Guadalupe, asesor
9 (RLIN) 163701
942 ## - ELEMENTOS DE PUNTO DE ACCESO ADICIONAL (KOHA)
Tipo de ítem Koha

No items available.